| 000 | 00500cam a22001217a 4500 | ||
|---|---|---|---|
| 008 | 180718b-- xxu||||| |||| 00| 0 eng d | ||
| 082 | _aL906x5412 E | ||
| 245 |
_aEpitome of CAG's reports on government of West Bengal _cby Principal Accountant General (Audit), West Bengal |
||
| 260 |
_aKolkata _bPrincipal Accountant General (Audit) _c-- |
||
| 500 | _aLibrary has 2000/01, 2002/03-2005/06, 2009/10 | ||
| 650 | _aAuditing - India - West Bengal | ||
| 700 | _aWest Bengal. Principal Accountant General (Audit) | ||
| 999 |
_c477578 _d477578 |
||